| 000 | 01201cam a2200265 i 4500 | ||
|---|---|---|---|
| 003 | SA-RiAUC | ||
| 005 | 20240905142103.0 | ||
| 008 | 240905s2002 ts g b 000r0 ara c | ||
| 040 |
_aSA-RiAUC _bara _cSA-RiAUC _erda |
||
| 082 | 0 | 4 | _a258.2 |
| 090 |
_a258.2 _bط ا هـ |
||
| 100 | 1 |
_aالطاهر، بدوي عبد الصمد ، _d1945- _eمؤلف. |
|
| 245 | 1 | 0 |
_aمنهج كتابة الفقه المالكي بين التجريد والتدليل / _cبدوي عبد الصمد الطاهر. |
| 264 | 1 |
_aدبي، الإمارات العربية المتحدة : _bدار البحوث للدراسات الإسلامية وإحياء التراث، _c2002 |
|
| 300 |
_a254 صفحة ؛ _c24 سم. |
||
| 336 |
_aنص _btxt _2rdacontent _3كتاب |
||
| 337 |
_aبدون وسيط _bn _2rdamedia |
||
| 338 |
_aمجلد _bnc _2rdacarrier |
||
| 490 | 1 |
_aسلسلة الدراسات الأصولية ؛ _v7 |
|
| 504 | _aببليوجرافية : صفحة 235-252. | ||
| 650 | 7 |
_aالفقه المالكي _2aucsh |
|
| 830 | 0 |
_aالدراسات الأصولية (دار البحوث للدراسات الإسلامية والتراث) _v7 |
|
| 942 |
_2ddc _cBOOK |
||
| 949 |
_aSA-JeALM _d240905 _umohamedma123 _n1 |
||
| 999 |
_c62 _d62 |
||